Disparatario : 55 versicuentos y 1 cuento /

Guardado en:
Autor Principal: Bornemann, Elsa.
Otros Autores: Brusca, Cristina; il.
Formato: Libro
Idioma:Undetermined
Publicado: Buenos Aires : Orión, 1986.
Edición:4a ed.
Series:Tobogán
Materias:
Etiquetas: Agregar Etiqueta
Sin Etiquetas, Sea el primero en etiquetar este registro!
LEADER 02230nam a22002535a 4500
001 CEM.cems024370
008 241114s1986####ag############000#0#und#d
005 20241114160721.0
245 1 0 |a Disparatario :  |b 55 versicuentos y 1 cuento /  |c Elsa Bornemann ; tapa e ilustraciones Cristina Brusca. 
250 |a 4a ed. 
260 |a Buenos Aires :  |b Orión,  |c 1986. 
300 |a 124 p. 
490 1 |a Tobogán 
500 |a Impreso en tinta roja. 
505 0 |a Entrada libre -- Disparatario -- De árbol a estrella -- No me visites en mayo -- Un día, una brújula -- Si no existieran los gatos -- Mi planeta -- La niña de agua -- Cuento volador -- La casita de la memoria -- Versitos para descalzarnos -- En el sueño de la noche -- Verde Isabel -- Gata que mira a niña que mira a gata -- Invitación a un hermano extraterrestre -- Cuento para releer frente a un espejo -- Feriado -- Arañada -- La guitarra olvidadiza -- Canto de aguas prisioneras porque sí -- Cuento sin ton pero con son -- La niña de aire -- Estampillas -- El cuento de Ignacio y no -- Me encontré conmigo -- Romance del ogro oscuro -- Yonofuí -- Canción de todos los sueños -- La marisopa -- Secretos -- Cien patas -- Invasión de Pinochos -- Noticia atrasada -- Pueblo de aire -- Pulpería -- El cuando -- El sembrador de adioses -- La niña de Tierra -- Canción para que sepan cómo es mi amigo -- Guajira de los lesanima -- Lentes de contacto -- Noticia policial -- La verdadera historia del Gran Bonete -- Regalos para ir a dormir -- Burrito -- Instrucciones para ver el duende del fuego -- La verdadera historia de la farolera -- Carta a Caperucita Roja -- Romance de la canoa y el río -- Una casa como hay pocas -- Canción para espantar las penas -- Cuento con Laura...o Laura con cuento -- Cuento anaranjado que puede transformarse en blanco -- Encuentro con el ángel -- Las maravillas del mundo -- Alería -- Un amor disparatado 
020 |a 9505580371 
100 1 |a Bornemann, Elsa. 
700 1 |a Brusca, Cristina; il. 
653 |a Literatura argentina 
653 |a Poesía argentina 
653 |a Poesías infantil 
653 |a Cuento 
653 |a Cuento infantil 
859 |a CEMS  |b BIB. CEMS - Inicial y Primaria  |h A861.4  |i B645-1a4  |k IP  |p 2537  |t Ej.1